[Event "GER-chT U12"]
[Site "Muenchen"]
[Date "2022.12.30"]
[Round "7"]
[White "Braun, Julian1111"]
[Black "Buechel, David"]
[Result "1-0"]
[WhiteElo "1683"]
[BlackElo "1611"]
[PlyCount "74"]
[EventDate "2022.12.26"]
[EventType "team-swiss"]
[EventRounds "7"]
[EventCountry "GER"]
[SourceTitle "CBM 212 Extra"]
[Source "ChessBase"]
[SourceDate "2023.03.31"]
[SourceVersion "1"]
[SourceVersionDate "2023.03.31"]
[SourceQuality "1"]
[WhiteTeam "Hamburger SK"]
[BlackTeam "Muenchen SF"]
[WhiteTeamCountry "GER"]
[BlackTeamCountry "GER"]

1. e4 c5 2. Nc3 Nc6 3. Nf3 g6 4. Bb5 Bg7 5. 0-0 Nd4 6. Bc4 a6 7. a4 e6 8. Re1 Ne7 9. d3 0-0 10. Nxd4 cxd4 11. Ne2 b6 12. c3 e5 13. cxd4 exd4 14. Nf4 Bb7 15. Qb3 Rc8 16. Bd2 h6 17. Bb4 d6 18. Rac1 Be5 19. Nd5 Nxd5 20. Bxd5 Bxd5 21. Qxd5 Qg5 22. Rc6 Rxc6 23. Qxc6 a5 24. Ba3 Qd2 25. Rf1 Qxd3 26. Bxd6 Bxd6 27. Qxd6 Qxe4 28. Qxb6 d3 29. Qe3 Qc4 30. Rc1 Qb3 31. Qd2 Rd8 32. Qxa5 Rd4 33. Qd2 Qc2 34. Rxc2 dxc2 35. Qxc2 Rd8 36. g3 Kg7 37. Qc3+ Kg8 1-0

[Event "Bayern Jubilar U12"]
[Site "Bayreuth"]
[Date "2022.08.27"]
[Round "1"]
[White "Bako, Isabella"]
[Black "Buechel, David"]
[Result "1/2-1/2"]
[WhiteElo "1251"]
[BlackElo "1545"]
[PlyCount "20"]
[EventDate "2022.08.27"]
[EventType "swiss"]
[EventRounds "7"]
[EventCountry "GER"]
[SourceTitle "EXT 2023"]
[Source "ChessBase"]
[SourceDate "2022.10.05"]
[SourceVersion "1"]
[SourceVersionDate "2022.10.05"]
[SourceQuality "1"]

1. e4 c5 2. Nf3 d6 3. d4 cxd4 4. Nxd4 Nf6 5. Nc3 g6 6. Be3 Bg7 7. f3 0-0 8. Qd2 Nc6 9. g4 d5 10. 0-0-0 dxe4 1/2-1/2

[Event "GER-ch U12"]
[Site "Willingen"]
[Date "2022.06.08"]
[Round "5"]
[White "Muendoerfer, Sebastian"]
[Black "Buechel, David"]
[Result "0-1"]
[WhiteElo "1254"]
[BlackElo "1527"]
[PlyCount "57"]
[EventDate "2022.06.04"]
[EventType "swiss"]
[EventRounds "9"]
[EventCountry "GER"]
[SourceTitle "CBM 208 Extra"]
[Source "ChessBase"]
[SourceDate "2022.07.31"]
[SourceVersion "1"]
[SourceVersionDate "2022.07.31"]
[SourceQuality "1"]

1. d4 Nf6 2. c4 g6 3. Nc3 Bg7 4. Nf3 0-0 5. Bg5 d6 6. e3 Nbd7 7. Be2 e5 8. dxe5 dxe5 9. Qc2 h6 10. Bh4 g5 11. Bg3 Qe7 12. Nd2 c6 13. 0-0 Ne8 14. Rab1 f5 15. f3 Ndf6 16. b4 h5 17. f4 exf4 18. exf4 Ng4 19. Bxg4 Qe3+ 20. Rf2 fxg4 21. Nd1 Qe7 22. Nb3 Bf5 23. Qc1 Bxb1 24. Qxb1 h4 25. f5 hxg3 26. hxg3 Qe1+ 27. Rf1 Qxg3 28. Qe4 Nf6 29. Nd4 0-1

[Event "GER Pfingstopen U12"]
[Site "Playchess.com INT"]
[Date "2020.06.02"]
[Round "9"]
[White "Buechel, David"]
[Black "Schmidt, Inga"]
[Result "1-0"]
[WhiteElo "1189"]
[BlackElo "1620"]
[PlyCount "83"]
[EventDate "2020.06.02"]
[EventType "swiss (blitz)"]
[EventRounds "11"]
[EventCountry "GER"]
[SourceTitle "CBM 197 Extra"]
[Source "ChessBase"]
[SourceDate "2020.09.30"]
[SourceVersion "1"]
[SourceVersionDate "2020.09.30"]
[SourceQuality "1"]

1. e4 e5 2. Nf3 Nc6 3. Bc4 Nf6 4. Ng5 Qe7 5. Nxf7 Rg8 6. Ng5 Rh8 7. Nc3 h6 8. Nf3 Qd8 9. 0-0 Bc5 10. h3 d6 11. d3 Nh7 12. Be3 Nd4 13. Bxd4 exd4 14. Ne2 Qf6 15. c3 dxc3 16. Nxc3 Qg6 17. d4 Bb6 18. e5 Bxh3 19. Nh4 Qg5 20. Bf7+ Kxf7 21. Qf3+ Ke8 22. Qxh3 Bxd4 23. Nd5 Kd8 24. Nf3 Qg6 25. Nxd4 Ng5 26. Qg3 h5 27. f4 h4 28. Qxg5+ Qxg5 29. fxg5 c6 30. Ne3 dxe5 31. Ne2 Kc7 32. Rac1 Rh5 33. Nd5+ Kd6 34. Ne3 Rxg5 35. Nc3 Rh5 36. Ne4+ Kc7 37. Rf7+ Kb6 38. Nc4+ Kb5 39. Ncd6+ Kb4 40. Rxb7+ Ka5 41. Rc3 Ka6 42. Ra3# 1-0

[Event "GER Pfingstopen U12"]
[Site "Playchess.com INT"]
[Date "2020.06.02"]
[Round "8"]
[White "Charrad, Sami"]
[Black "Buechel, David"]
[Result "0-1"]
[WhiteElo "1620"]
[BlackElo "1189"]
[PlyCount "54"]
[EventDate "2020.06.02"]
[EventType "swiss (blitz)"]
[EventRounds "11"]
[EventCountry "GER"]
[SourceTitle "CBM 197 Extra"]
[Source "ChessBase"]
[SourceDate "2020.09.30"]
[SourceVersion "1"]
[SourceVersionDate "2020.09.30"]
[SourceQuality "1"]

1. e4 c5 2. Nf3 Nc6 3. Bb5 f6 4. Bxc6 bxc6 5. Nc3 Ba6 6. d3 e5 7. 0-0 c4 8. dxc4 Bxc4 9. b3 Bxf1 10. Qxf1 Bb4 11. Bd2 Qa5 12. a3 Bxc3 13. Bxc3 Qxc3 14. Rc1 Ne7 15. Ne1 Qb2 16. Rd1 Qxa3 17. g3 Rd8 18. Nf3 0-0 19. Qh3 f5 20. Nxe5 fxe4 21. Nxd7 Qb2 22. Nxf8 Rxd1+ 23. Kg2 Kxf8 24. f4 exf3+ 25. Kxf3 Qxc2 26. Kg4 Qf5+ 27. Kh4 Ng6# 0-1

[Event "GER Pfingstopen U12"]
[Site "Playchess.com INT"]
[Date "2020.06.02"]
[Round "7"]
[White "Kovalskyy, Alicia"]
[Black "Buechel, David"]
[Result "0-1"]
[WhiteElo "1620"]
[BlackElo "1189"]
[PlyCount "56"]
[EventDate "2020.06.02"]
[EventType "swiss (blitz)"]
[EventRounds "11"]
[EventCountry "GER"]
[SourceTitle "CBM 197 Extra"]
[Source "ChessBase"]
[SourceDate "2020.09.30"]
[SourceVersion "1"]
[SourceVersionDate "2020.09.30"]
[SourceQuality "1"]

1. e4 e5 2. Qf3 Nf6 3. Bc4 Nc6 4. c3 Bc5 5. g4 h6 6. b4 Bb6 7. h4 0-0 8. g5 Ng4 9. Qxg4 d5 10. Qf3 dxc4 11. gxh6 gxh6 12. d3 cxd3 13. Qg3+ Kh7 14. Na3 a6 15. b5 axb5 16. Nxb5 Ra5 17. Na3 d2+ 18. Bxd2 Rxa3 19. Bc1 Ra8 20. Qf3 Ba5 21. Qg3 Nd4 22. Qe3 Nc2+ 23. Ke2 Nxe3 24. Kxe3 Bxc3 25. Ke2 Bxa1 26. Bxh6 Kxh6 27. Nf3 Bd4 28. Nxe5 Bxe5 0-1